00427 2200169 4500245004800000020002200048250000900070100001900079700002000098650002000118005001900138260003800157041001400195084001000209300002900219336000900248 aGuru Gokil Murid UnyucJ. SumardiantahText a978-602-7888-13-5 a2013 aJ. Sumardianta aNurjannah Intan aTeknik Mengajar a20240906110613 aYogyakartabPenerit Bentangc2013 aIndonesia a371.3 axiv + 306 hlm :c20,5 cm atext